000 00864nam a2200289Ia 4500
001 dia_6188
003 CHAP
005 20230316094430.0
008 220117s1975 xx 000 0 und d
010 _a177402
020 _a0-87055-186-8
040 _cCHAP
082 _a634.8 L84 1975
100 _aLuh, Bor S.
_9161073
245 _aCommercial vegetable processing /
_c Bor S. Luh. y Jasper Guy Woodroof
260 _aEstados Unidos de América :
_b AVI,
_c1975
300 _axi, 755 p.
504 _aIncluye bibliografĂ­as
590 _aTP443 L84 1975
650 _aHortalizas
_xProcesamiento
_9125090
650 _aVegetables
_xProcessing
_9154624
700 _aGuy Woodroof, Jasper, coaut.
_9161074
901 _a634.8 L84 1975
902 _aM
905 _a5232271975 -usdnm 8222123322eng16
942 _cLIBRO
_2ddc
999 _c177402
_d177402